Vista normal
Vista MARC
Entrada Personal Name
Número de registros utilizados en: 2
001 - CONTROL NUMBER
- control field: 694
003 - CONTROL NUMBER IDENTIFIER
- control field: OSt
005 - DATE AND TIME OF LATEST TRANSACTION
- control field: 20110810110007.0
008 - FIXED-LENGTH DATA ELEMENTS
- fixed length control field: 110810|||a|||||| | ||| d
040 ## - CATALOGING SOURCE
- Original cataloging agency: OSt
- Transcribing agency: OSt
100 ## - HEADING--PERSONAL NAME
- Personal name: Rodríguez, Susana Alicia.,
670 ## - SOURCE DATA FOUND
- Source citation: Work cat.: (OSt)803: Rodríguez, Susana Alicia., , Enfermería Pediátrica y Neonatal : 1, , 2010.